Equipes de l'overwatch league par images - Statistiques

Statistiques générales
  • Ce quiz a été pris 155 fois
  • Le résultat moyen est 15 sur 19
Statistiques - réponses
Par images Réponse % Correct
Dallas Fuel
93%
London Spitfire
93%
San Francisco Shock
93%
Vegas Eternal
90%
Shanghai Dragons
89%
Boston Uprising
86%
Florida Mayhem
83%
Atlanta Reign
81%
Hangzhou Spark
80%
Los Angeles Valiant
80%
Seoul Dynasty
80%
Toronto Defiant
77%
New York Excelsior
76%
Vancouver Titans
73%
Houston Outlaws
72%
Washington Justice
69%
Los Angeles Gladiators
67%
Guangzhou Charge
60%
Seoul Infernal
51%
Aucun quiz correspondant
Distribution des résultats
% des personnes avec chaque résultat
Percentile par nombre de réponses
Votre historique - résultats
Vous n’avez pas pris ce quiz